000 01528naa a22003977a 4500
001 BR7405524
003 BR-BrBNA
005 20240918173630.0
007 ta
008 230509b bl.||||| |||| 00| 0 por d
040 _aBR-BrBNA
_bpor
_cBiblioteca Nacional de Agricultura
041 _a(Pt)
072 _aL50; L30
_b5240
_b8951
_b1930
_b0120
_b8959
_b0430
_b0331
090 _aL50 BR7405524
100 1 _aWanderley, R.C.
100 1 _aCamara, U.A.
111 1 _a11. Reuniao da Sociedade Brasileira de Zootecnia
_cFortaleza, CE (Brazil)
_d22 Jul 1974
245 1 _aDigestibilidade de dietas constantes de feno de capim mandante e milho, suplementadas com farelos de algodao e de mamona desintoxicada [Zea mays; Gossypium hirsutum; Ricinus communis; Ovino]
260 3 _aFortaleza, CE (Brasil):
_bUniversidade Federal do Ceara,
_c1974.
500 _aAnais da 11. Reuniao da Sociedade Brasileira de Zootecnia Fortaleza, CE (Brasil): Universidade Federal do Ceara, 1974. p. 312-313 (BR7405524-AM)L50
650 _aFisiologia animal
650 _aNutricao animal
650 _aOvino
650 _aFeno
650 _aCapim mandante
650 _aMilho
650 _aFarelo
650 _aAlgodao
650 _aMamona
650 _aSuplemento proteico
650 _aAnalise quimica
650 _aDigestibilidade
773 0 _tAnais da 11. Reuniao da Sociedade Brasileira de Zootecnia
_wL50 BR7405524
_gFortaleza, CE (Brasil), 1974. p. 312-313
909 _a202404
_bLucia
_c55
_dLucia Elande
942 _cAM
_2AGRIS
999 _c305860
_d305860